[Event "zonal 2.5 (w)"]
[Site "Asuncion PAR"]
[Date "2009.06.10"]
[Round "1"]
[White "Avalos, Leticia"]
[Black "Zuriel, Marisa"]
[Result "0-1"]
[WhiteElo "1670"]
[BlackElo "2201"]
[EventDate "2009.06.10"]
[PlyCount "76"]

1.d4 Nf6 2.c4 g6 3.Nc3 Bg7 4.e4 d6 5.h3 O-O 6.Bg5 h6 7.Be3 e5 8.d5 a5 9.
Qd2 Kh7 10.Nf3 Na6 11.Bd3 b6 12.g4 Ng8 13.a4 Ne7 14.Nh2 c6 15.f4 exf4 16.
Bxf4 Nc5 17.Bc2 cxd5 18.exd5 Ba6 19.b3 Ng8 20.O-O-O Qf6 21.Kb2 Rfc8 22.Ra1
Nxa4+ 23.Rxa4 b5 24.Rxa5 b4 25.Qe3 Qd8 26.Ra4 Bxc3+ 27.Kb1 Bb7 28.Qd3 Rxa4
29.bxa4 Ba6 30.Bb3 Rc7 31.Bd2 Bxd2 32.Qxd2 Bxc4 33.Qxb4 Bxb3 34.Qxb3 Qe7 
35.Qd3 Qe5 36.Ka2 Rb7 37.Qd2 Qe4 38.Qd1 Qg2+ 0-1

[Event "zonal 2.5 (w)"]
[Site "Asuncion PAR"]
[Date "2009.06.10"]
[Round "1"]
[White "Colombo Sere, Camila"]
[Black "Fernandez, Maria Florencia"]
[Result "0-1"]
[WhiteElo "2090"]
[BlackElo "2105"]
[EventDate "2009.06.10"]
[PlyCount "98"]

1.d4 Nf6 2.c4 g6 3.Nc3 Bg7 4.e4 d6 5.f3 O-O 6.Bg5 h6 7.Be3 e5 8.d5 c6 9.
Qd2 cxd5 10.cxd5 Kh7 11.Bd3 Na6 12.Bxa6 bxa6 13.Nge2 Nd7 14.O-O Nb6 15.Qd3
f5 16.a3 f4 17.Bf2 g5 18.Na2 g4 19.Kh1 Qg5 20.Ng1 h5 21.Be1 Bf6 22.Rc1 Bd8
23.Bb4 Rf6 24.Rc6 Bd7 25.Bxd6 Rg6 26.Rf2 g3 27.Be7 Qxe7 28.Rfc2 Bxc6 29.
dxc6 Rd6 30.Qe2 Rc8 31.Nb4 a5 32.Nd5 Nxd5 33.exd5 Bb6 34.Nh3 Qf6 35.Qe4+ 
Qg6 36.Ng5+ Kg8 37.h4 Qxe4 38.fxe4 Bd4 39.Nf3 Kf7 40.Nxd4 exd4 41.Kg1 Kf6 
42.Kf1 Ke5 43.Rc5 Kxe4 44.b4 axb4 45.axb4 Rxd5 46.Rc1 d3 47.Re1+ Kd4 48.
Re6 d2 49.Ke2 Kc3 0-1

[Event "zonal 2.5 (w)"]
[Site "Asuncion PAR"]
[Date "2009.06.10"]
[Round "1"]
[White "Nejanky, Maisa"]
[Black "Lujan, Carolina"]
[Result "0-1"]
[WhiteElo "2100"]
[BlackElo "2324"]
[EventDate "2009.06.10"]
[PlyCount "44"]

1.e4 c5 2.Nf3 a6 3.c4 e6 4.Nc3 Qc7 5.d4 cxd4 6.Nxd4 Nf6 7.Bd3 Nc6 8.Nxc6 
dxc6 9.O-O e5 10.h3 Bc5 11.Qe2 O-O 12.Kh1 Bd4 13.Be3 Bxe3 14.Qxe3 Nh5 15.
Ne2 Nf4 16.Nxf4 exf4 17.Qd4 Rd8 18.Qc3 f3 19.gxf3 Qd7 20.Rfd1 Qxh3+ 21.Kg1
Rd6 22.e5 Rh6 0-1

[Event "zonal 2.5 (w)"]
[Site "Asuncion PAR"]
[Date "2009.06.10"]
[Round "1"]
[White "Plazaola, Maria de los Angeles"]
[Black "Quinones Mena, Jeannette"]
[Result "1-0"]
[WhiteElo "2160"]
[BlackElo "2020"]
[EventDate "2009.06.10"]
[PlyCount "41"]

1.e4 e5 2.Nf3 Nc6 3.d4 exd4 4.Nxd4 Nf6 5.Nc3 Bb4 6.Nxc6 bxc6 7.Bd3 d5 8.
exd5 cxd5 9.O-O O-O 10.Bg5 c6 11.Qf3 Bd6 12.h3 a5 13.Ne2 h6 14.Be3 Be6 15.
c3 Re8 16.Nd4 Qc7 17.Rfe1 a4 18.Rac1 Rab8 19.b4 axb3 20.axb3 Qe7 21.c4 1-0

[Event "zonal 2.5 (w)"]
[Site "Asuncion PAR"]
[Date "2009.06.11"]
[Round "2"]
[White "Fernandez, Maria Florencia"]
[Black "Nejanky, Maisa"]
[Result "0-1"]
[WhiteElo "2105"]
[BlackElo "2100"]
[EventDate "2009.06.10"]
[PlyCount "124"]

1.d4 f5 2.c4 e6 3.Nc3 Nf6 4.Nf3 Bb4 5.a3 Bxc3+ 6.bxc3 Ne4 7.Qc2 b6 8.g3 
Ba6 9.Bg2 Nc6 10.Qa4 Na5 11.Nd2 Nxd2 12.Bxd2 Bxc4 13.Bxa8 Qxa8 14.f3 Qd5 
15.Qc2 O-O 16.Bf4 d6 17.O-O e5 18.Be3 f4 19.Bf2 Nb3 20.Rad1 Qb5 21.Rfe1 a5
22.dxe5 Qxe5 23.Kg2 Re8 24.a4 Qg5 25.Rb1 Nc5 26.Rb2 fxg3 27.hxg3 Qd5 28.
Bxc5 Qxc5 29.e4 Ba6 30.Qd2 Qc4 31.Qd4 Qf7 32.Rd1 Bb7 33.c4 Rf8 34.Rd3 Bc6 
35.Ra2 Qe8 36.Rda3 Rf6 37.Ra1 Rh6 38.Rh1 Rxh1 39.Kxh1 Bxa4 40.c5 Qh5+ 41.
Kg2 Bd7 42.g4 Qxc5 43.Qxc5 dxc5 44.Kg3 Kf7 45.f4 c4 46.f5 g5 47.e5 Be8 48.
Kf3 c5 49.Ke2 a4 50.Rh3 Kg7 51.Kd2 b5 52.Kc3 Bc6 53.Rh2 Bf3 54.Rf2 Bxg4 
55.f6+ Kf7 56.Rb2 Bd7 57.Rd2 Be6 58.Rd6 b4+ 59.Kb2 a3+ 60.Ka1 c3 61.Ra6 c2
62.Ra7+ Kg6 0-1

[Event "zonal 2.5 (w)"]
[Site "Asuncion PAR"]
[Date "2009.06.11"]
[Round "2"]
[White "Perez Canete, Dalila"]
[Black "Avalos, Leticia"]
[Result "1-0"]
[WhiteElo "1620"]
[BlackElo "1670"]
[EventDate "2009.06.10"]
[PlyCount "111"]

1.d4 d5 2.c4 e6 3.e3 Nf6 4.Nc3 Be7 5.Nf3 b6 6.cxd5 Nxd5 7.Bd2 Nd7 8.Be2 
Bb7 9.Rc1 O-O 10.O-O c5 11.Bd3 h6 12.Bb1 N5f6 13.Re1 Qb8 14.dxc5 Nxc5 15.
e4 Rd8 16.e5 Bxf3 17.gxf3 Nfd7 18.f4 Nf8 19.Re3 Rd7 20.Qe2 Qd8 21.Rd1 Bh4 
22.Rh3 Rc8 23.f5 exf5 24.Bxf5 Nce6 25.Ne4 Nf4 26.Qg4 Nxh3+ 27.Qxh3 Ne6 28.
Nd6 Rcc7 29.Qg4 Bg5 30.Bxe6 fxe6 31.Qxe6+ Kh8 32.Bc3 Qe7 33.Qd5 Rd8 34.e6 
Kg8 35.Bb4 Bh4 36.Qb3 Rc6 37.Kf1 Bg5 38.Ke2 Rc2+ 39.Kf1 Rxf2+ 40.Kxf2 Qf6+
41.Ke2 Qe5+ 42.Kf3 Rf8+ 43.Nf7 Qf5+ 44.Ke2 Qe4+ 45.Kf2 Bh4+ 46.Kf1 Qf4+ 
47.Ke2 Qe4+ 48.Kd2 Rc8 49.Bc3 Bf2 50.Nxh6+ Kh7 51.Ng4 Qxg4 52.Qc2+ Kh8 53.
Kc1 Be3+ 54.Kb1 Re8 55.a3 Rxe6 56.Rd8+ 1-0

[Event "zonal 2.5 (w)"]
[Site "Asuncion PAR"]
[Date "2009.06.11"]
[Round "2"]
[White "Zuriel, Marisa"]
[Black "Colombo Sere, Camila"]
[Result "1/2-1/2"]
[WhiteElo "2201"]
[BlackElo "2090"]
[EventDate "2009.06.10"]
[PlyCount "50"]

1.e4 e6 2.d4 d5 3.exd5 exd5 4.c4 Nf6 5.Nc3 Be7 6.Nf3 O-O 7.Bd3 a6 8.O-O 
dxc4 9.Bxc4 b5 10.Bb3 Bb7 11.Ne5 Nc6 12.Be3 Na5 13.Bc2 Nc4 14.Nxc4 bxc4 
15.Qe2 Bd5 16.Nxd5 Qxd5 17.Rac1 Bd6 18.Bb1 Rab8 19.a3 Qb5 20.Qxc4 Qxc4 21.
Rxc4 Rxb2 22.Ra4 Rb3 23.Rxa6 Rxa3 24.Rxa3 Bxa3 25.Bc2 Bd6 1/2-1/2

[Event "zonal 2.5 (w)"]
[Site "Asuncion PAR"]
[Date "2009.06.12"]
[Round "3"]
[White "Colombo Sere, Camila"]
[Black "Perez Canete, Dalila"]
[Result "1-0"]
[WhiteElo "2090"]
[BlackElo "1620"]
[EventDate "2009.06.10"]
[PlyCount "45"]

1.d4 Nf6 2.c4 d6 3.Nc3 g6 4.e4 Bg7 5.f3 O-O 6.Bg5 Nbd7 7.Qd2 Re8 8.O-O-O 
c5 9.d5 a6 10.Bh6 Bh8 11.h4 Nf8 12.h5 Bd7 13.hxg6 fxg6 14.e5 dxe5 15.Ne4 
Nxe4 16.fxe4 Bg7 17.Bxg7 Kxg7 18.Qh6+ Kg8 19.Be2 b5 20.Rf1 Bf5 21.exf5 e6 
22.fxg6 Qc7 23.Rf7 1-0

[Event "zonal 2.5 (w)"]
[Site "Asuncion PAR"]
[Date "2009.06.12"]
[Round "3"]
[White "Nejanky, Maisa"]
[Black "Zuriel, Marisa"]
[Result "1/2-1/2"]
[WhiteElo "2100"]
[BlackElo "2201"]
[EventDate "2009.06.10"]
[PlyCount "136"]

1.e4 c5 2.Nf3 d6 3.d4 cxd4 4.Nxd4 Nf6 5.Nc3 a6 6.f4 e6 7.a4 Nc6 8.Be3 Qc7 
9.Nb3 b6 10.Qf3 Be7 11.Bd3 Bb7 12.O-O O-O 13.Qh3 g6 14.g4 Rfe8 15.g5 Nd7 
16.f5 Bf8 17.fxg6 fxg6 18.Rf7 Bg7 19.Nd5 exd5 20.Qxd7 Qxd7 21.Rxd7 Re7 22.
Rxd6 Nb4 23.Rxb6 Nxd3 24.cxd3 dxe4 25.d4 Bd5 26.Nc5 a5 27.Rd6 Bf7 28.Re1 
Rb8 29.Re2 Bc4 30.Rc2 Bd3 31.Rd2 Bc4 32.Rc2 Bd3 33.Rd2 Bc4 34.Rf2 Bf8 35.
Nd7 Rc8 36.Nb6 Rcc7 37.Nxc4 Rxc4 38.Rd8 Rf7 39.d5 Rxf2 40.Kxf2 Kf7 41.b3 
Rc2+ 42.Kg3 Be7 43.Rd7 Ke8 44.Rb7 Rc3 45.Kf4 Bxg5+ 46.Kxg5 Rxe3 47.Kf6 Rd3
48.Ke6 Kd8 49.d6 Kc8 50.Rc7+ Kb8 51.Rc2 e3 52.d7 Rd4 53.Re2 Kc7 54.Rc2+ 
Kb7 55.Ke7 Re4+ 56.Kf6 Rd4 57.Ke7 Re4+ 58.Kd6 e2 59.d8=Q Rd4+ 60.Kc5 Rxd8 
61.Rxe2 Rd3 62.Re7+ Ka6 63.Rxh7 Rc3+ 64.Kd5 Rxb3 65.Rh6 Rb6 66.h4 Rf6 67.
Ke5 Rc6 68.Kd5 Rb6 1/2-1/2

[Event "zonal 2.5 (w)"]
[Site "Asuncion PAR"]
[Date "2009.06.12"]
[Round "3"]
[White "Plazaola, Maria de los Angeles"]
[Black "Fernandez, Maria Florencia"]
[Result "1-0"]
[WhiteElo "2160"]
[BlackElo "2105"]
[EventDate "2009.06.10"]
[PlyCount "67"]

1.e4 c5 2.c3 d6 3.d4 cxd4 4.cxd4 Nf6 5.Nc3 g6 6.Nf3 Bg7 7.Bc4 O-O 8.O-O 
Nc6 9.h3 Nxe4 10.Bxf7+ Rxf7 11.Nxe4 Qb6 12.d5 Ne5 13.Nxe5 Bxe5 14.Ng5 Rf8 
15.Nf3 Bf6 16.Qe2 Bf5 17.g4 Bd7 18.Kg2 Rf7 19.Rd1 Raf8 20.Be3 Qb4 21.Nd4 
Be5 22.Rac1 Bf4 23.Rc2 h5 24.f3 hxg4 25.hxg4 Be5 26.Qd3 Kg7 27.Rh1 Bf4 28.
a3 Qa4 29.Rc4 Qa6 30.Bxf4 Rxf4 31.Qc3 Kg8 32.Ne6 Bxe6 33.Rh8+ Kf7 34.Rh7+ 
1-0

[Event "zonal 2.5 (w)"]
[Site "Asuncion PAR"]
[Date "2009.06.12"]
[Round "3"]
[White "Vargas Talavera, Gabriela"]
[Black "Quinones Mena, Jeannette"]
[Result "1-0"]
[WhiteElo "2090"]
[BlackElo "2020"]
[EventDate "2009.06.10"]
[PlyCount "79"]

1.d4 Nf6 2.c4 g6 3.Nc3 Bg7 4.e4 d6 5.f3 O-O 6.Be3 Nc6 7.Nge2 Rb8 8.Qd2 a6 
9.Nc1 e5 10.d5 Nd4 11.Nb3 c5 12.dxc6 bxc6 13.Nxd4 exd4 14.Bxd4 d5 15.e5 
Nd7 16.f4 c5 17.Bf2 d4 18.Ne4 f6 19.e6 Re8 20.Bd3 Nf8 21.O-O Nxe6 22.f5 
gxf5 23.Ng3 Nf8 24.Nxf5 Bxf5 25.Bxf5 Qb6 26.Rab1 Qb4 27.Qxb4 Rxb4 28.a3 
Rb3 29.Bc2 Rb7 30.b4 Re2 31.Bd3 Rd2 32.Be4 Rc7 33.Bg3 Re7 34.Bd5+ Kh8 35.
bxc5 h5 36.Rb8 Rde2 37.c6 d3 38.c7 d2 39.c8=Q Bh6 40.Qf5 1-0

[Event "zonal 2.5 (w)"]
[Site "Asuncion PAR"]
[Date "2009.06.12"]
[Round "4"]
[White "Avalos, Leticia"]
[Black "Colombo Sere, Camila"]
[Result "0-1"]
[WhiteElo "1670"]
[BlackElo "2090"]
[EventDate "2009.06.10"]
[PlyCount "89"]

1.d4 Nf6 2.c4 g6 3.Nc3 Bg7 4.e4 d6 5.h3 O-O 6.Bg5 Qe8 7.Nf3 Na6 8.Be2 e5 
9.d5 Nh5 10.Nd2 Nf4 11.Bxf4 exf4 12.Qc2 Nc5 13.f3 Bd7 14.O-O-O a6 15.g3 
fxg3 16.Rdg1 Qe5 17.Nd1 f5 18.Qc3 Qe7 19.Qe3 f4 20.Qa3 b5 21.Qa5 bxc4 22.
Nxc4 Bb5 23.h4 h5 24.Qd2 Rab8 25.Rg2 Na4 26.b3 Nb6 27.Nxb6 Bxe2 28.Rxe2 
cxb6 29.Kb1 Rbc8 30.Nb2 Qe5 31.Ree1 b5 32.Rc1 Qxb2+ 33.Qxb2 Bxb2 34.Kxb2 
Rxc1 35.Kxc1 Kg7 36.Kd2 Rc8 37.Kd3 Kf6 38.a4 Ke5 39.axb5 axb5 40.Rg1 g5 
41.hxg5 Rg8 42.Rxg3 fxg3 43.Ke3 Rf8 44.g6 Rf6 45.f4+ 0-1

[Event "zonal 2.5 (w)"]
[Site "Asuncion PAR"]
[Date "2009.06.12"]
[Round "4"]
[White "Perez Canete, Dalila"]
[Black "Nejanky, Maisa"]
[Result "0-1"]
[WhiteElo "1620"]
[BlackElo "2100"]
[EventDate "2009.06.10"]
[PlyCount "78"]

1.d4 Nf6 2.c4 c5 3.e3 g6 4.Nc3 Bg7 5.Nf3 O-O 6.Be2 a6 7.O-O cxd4 8.exd4 d5
9.Bf4 dxc4 10.Bxc4 b5 11.Be2 Bb7 12.Rc1 Nbd7 13.a3 Nb6 14.Be3 Nbd5 15.Nxd5
Nxd5 16.Qd2 Qd6 17.Bh6 Rfd8 18.Bxg7 Kxg7 19.Rfd1 Nf4 20.b4 Qf6 21.Rc3 Rac8
22.Rxc8 Rxc8 23.Kf1 Bd5 24.Re1 Nxe2 25.Kxe2 Bc4+ 26.Ke3 g5 27.Ke4 Qg6+ 28.
Ke3 g4 29.Qd1 Qh6+ 30.Ke4 gxf3 31.gxf3 Rc6 32.Rg1+ Kf8 33.d5 Rf6 34.Rg4 
Bxd5+ 35.Ke5 Rf5+ 36.Kd4 Qb6+ 37.Kc3 Rxf3+ 38.Kb2 Qxf2+ 39.Kb1 Qa2+ 0-1

[Event "zonal 2.5 (w)"]
[Site "Asuncion PAR"]
[Date "2009.06.12"]
[Round "4"]
[White "Zuriel, Marisa"]
[Black "Plazaola, Maria de los Angeles"]
[Result "1-0"]
[WhiteElo "2201"]
[BlackElo "2160"]
[EventDate "2009.06.10"]
[PlyCount "137"]

1.e4 c5 2.Nf3 Nc6 3.d4 cxd4 4.Nxd4 e5 5.Nb5 d6 6.N1c3 a6 7.Na3 Be7 8.Nc4 
b5 9.Ne3 Nf6 10.Bd3 Be6 11.O-O O-O 12.a4 Nd4 13.Ncd5 Rb8 14.c3 Nc6 15.axb5
axb5 16.Ra6 Bd7 17.Nxf6+ Bxf6 18.Nd5 Be7 19.b4 Rb7 20.Be3 Nb8 21.Rb6 Rxb6 
22.Bxb6 Qe8 23.Qe2 Bc6 24.Nc7 Qc8 25.Nxb5 Bxb5 26.Bxb5 Qxc3 27.Rb1 Nc6 28.
Qe3 Qxe3 29.Bxe3 Nd8 30.Bc4 Ne6 31.g3 Rb8 32.b5 Nc5 33.Bxc5 dxc5 34.Ra1 
Rb7 35.Ra8+ Bf8 36.Ra5 Bd6 37.Bd5 Bc7 38.Ra8+ Rb8 39.Ra7 Rc8 40.Kf1 h6 41.
Ke2 c4 42.Kd2 c3+ 43.Kc2 Kh7 44.Bc6 Bb6 45.Rxf7 Bd4 46.Rd7 Bxf2 47.Kxc3 
Rf8 48.Rd3 Bb6 49.Kc4 h5 50.h3 Bf2 51.Bd7 Ra8 52.Bf5+ Kg8 53.Bg6 Rc8+ 54.
Kb4 Bc5+ 55.Kb3 h4 56.gxh4 Kf8 57.Rd7 Bd4 58.Bf5 Rc1 59.Be6 Rg1 60.Kc4 Rg3
61.Kd5 Rc3 62.Rd8+ Ke7 63.Rd7+ Kf8 64.Kd6 Bb6 65.Rb7 Bd8 66.Rb8 Ke8 67.b6 
g5 68.b7 gxh4 69.Rxd8+ 1-0

[Event "zonal 2.5 (w)"]
[Site "Asuncion PAR"]
[Date "2009.06.13"]
[Round "5"]
[White "Nejanky, Maisa"]
[Black "Avalos, Leticia"]
[Result "1-0"]
[WhiteElo "2100"]
[BlackElo "1670"]
[EventDate "2009.06.10"]
[PlyCount "65"]

1.e4 e6 2.d4 d5 3.Nc3 dxe4 4.Nxe4 Nf6 5.Nxf6+ Qxf6 6.Nf3 h6 7.Bd3 Bd6 8.
Qe2 Nd7 9.Bd2 O-O 10.Qe4 Qf5 11.Qxf5 exf5 12.O-O-O Nf6 13.Rde1 Bd7 14.Ne5 
Be6 15.Kb1 Rae8 16.f3 Kh7 17.g4 g6 18.h4 fxg4 19.h5 Bxe5 20.hxg6+ fxg6 21.
Rxh6+ Kg7 22.Rxg6+ Kf7 23.dxe5 Nd7 24.fxg4 Nxe5 25.Rxe5 Bxa2+ 26.Kxa2 Rxe5
27.g5 Rd8 28.Rh6 Kf8 29.g6 b5 30.Bc3 Rg5 31.Rh8+ Ke7 32.Rxd8 Kxd8 33.Bf6+ 
1-0

[Event "zonal 2.5 (w)"]
[Site "Asuncion PAR"]
[Date "2009.06.13"]
[Round "5"]
[White "Plazaola, Maria de los Angeles"]
[Black "Perez Canete, Dalila"]
[Result "1-0"]
[WhiteElo "2160"]
[BlackElo "1620"]
[EventDate "2009.06.10"]
[PlyCount "51"]

1.e4 e6 2.d4 d5 3.Nc3 c5 4.exd5 exd5 5.dxc5 d4 6.Ne4 Bf5 7.Bb5+ Nc6 8.Qe2 
Bxe4 9.Qxe4+ Qe7 10.Qxe7+ Bxe7 11.b4 a5 12.Nf3 axb4 13.Nxd4 Rc8 14.Nf5 Kd7
15.Bb2 Bf6 16.O-O-O+ Kc7 17.Nd6 Bxb2+ 18.Kxb2 Rf8 19.Nxb7 Kxb7 20.Rd7+ Kc8
21.Bxc6 Nf6 22.Ra7 h5 23.Re1 Ng8 24.Ra8+ Kc7 25.Rxf8 Kxc6 26.Ree8 1-0

[Event "zonal 2.5 (w)"]
[Site "Asuncion PAR"]
[Date "2009.06.13"]
[Round "5"]
[White "Vargas Talavera, Gabriela"]
[Black "Fernandez, Maria Florencia"]
[Result "1-0"]
[WhiteElo "2090"]
[BlackElo "2105"]
[EventDate "2009.06.10"]
[PlyCount "113"]

1.d4 Nf6 2.c4 g6 3.Nc3 Bg7 4.e4 d6 5.f3 O-O 6.Bg5 h6 7.Be3 e5 8.d5 c6 9.
Qd2 cxd5 10.cxd5 Kh7 11.g4 Na6 12.h4 h5 13.g5 Nd7 14.Nb5 Nb6 15.Nxa7 Rxa7 
16.Qa5 Nxd5 17.Qxd8 Rxd8 18.Bxa7 Ndb4 19.Bb6 Rf8 20.Rh2 Be6 21.a3 Nc6 22.
Rc1 Nd4 23.Bxd4 exd4 24.Bxa6 bxa6 25.Rc6 Be5 26.Rd2 Bf4 27.Rxd4 Be3 28.Ne2
Bxd4 29.Nxd4 a5 30.Rxd6 Rb8 31.Nxe6 fxe6 32.b4 axb4 33.axb4 Rxb4 34.Kf2 
Kg7 35.Rxe6 Rb2+ 36.Kg3 Rb1 37.Rf6 Rg1+ 38.Kh2 Re1 39.Kg2 Re2+ 40.Kf1 Rh2 
41.Rf4 Ra2 42.e5 Ra5 43.e6 Re5 44.Re4 Rxe4 45.fxe4 Kf8 46.Kf2 Ke7 47.Ke3 
Kd6 48.e5+ Kxe6 49.Kd4 Kf5 50.Kd5 Kg4 51.e6 Kxh4 52.e7 Kxg5 53.e8=Q h4 54.
Qe4 h3 55.Kd4 Kh5 56.Ke3 g5 57.Kf3 1-0

[Event "zonal 2.5 (w)"]
[Site "Asuncion PAR"]
[Date "2009.06.14"]
[Round "6"]
[White "Avalos, Leticia"]
[Black "Plazaola, Maria de los Angeles"]
[Result "0-1"]
[WhiteElo "1670"]
[BlackElo "2160"]
[EventDate "2009.06.10"]
[PlyCount "52"]

1.d4 Nf6 2.Nf3 g6 3.Bf4 Bg7 4.e3 O-O 5.h3 c5 6.dxc5 Nc6 7.c3 a5 8.a4 Kh8 
9.Bc4 Ne4 10.O-O e5 11.Bh2 Nxc5 12.Qd5 d6 13.Qd1 Bf5 14.Na3 Qe7 15.Bd5 
Rad8 16.Nb5 Rd7 17.Nd2 Bd3 18.Re1 Qd8 19.e4 Ne7 20.c4 Nxd5 21.cxd5 f5 22.
f3 Rdf7 23.Kh1 fxe4 24.Nxe4 Nxe4 25.fxe4 Rf1+ 26.Bg1 Rxe1 0-1

[Event "zonal 2.5 (w)"]
[Site "Asuncion PAR"]
[Date "2009.06.14"]
[Round "6"]
[White "Colombo Sere, Camila"]
[Black "Nejanky, Maisa"]
[Result "1-0"]
[WhiteElo "2090"]
[BlackElo "2100"]
[EventDate "2009.06.10"]
[PlyCount "93"]

1.d4 f5 2.g3 Nf6 3.Bg2 c6 4.c4 d6 5.b3 Qc7 6.Nf3 e5 7.dxe5 dxe5 8.O-O Nbd7
9.Bb2 Bd6 10.Qc2 e4 11.Ng5 Nf8 12.Nd2 h6 13.Nh3 c5 14.f3 e3 15.Nb1 Bxg3 
16.hxg3 Qxg3 17.Qc1 f4 18.Qe1 Nh5 19.Qxg3 Nxg3 20.Re1 Ne6 21.Kh2 Nh5 22.
Nc3 Bd7 23.Nd5 Rf8 24.Be5 g5 25.Ng1 Rf5 26.Bd6 Rc8 27.Bh3 Rf7 28.Be5 Nhg7 
29.Red1 Rd8 30.Bf6 Rc8 31.Bxg7 Nxg7 32.Bxd7+ Kxd7 33.Nb6+ Kc7 34.Nxc8 Kxc8
35.Rd5 b6 36.Rad1 Nf5 37.a3 a5 38.Kh3 h5 39.Rd8+ Kc7 40.Rg8 g4+ 41.fxg4 
hxg4+ 42.Rxg4 Nd4 43.Rf1 Nxe2 44.Nxe2 f3 45.Nf4 e2 46.Nxe2 fxe2 47.Rxf7+ 
1-0

[Event "zonal 2.5 (w)"]
[Site "Asuncion PAR"]
[Date "2009.06.14"]
[Round "6"]
[White "Fernandez, Maria Florencia"]
[Black "Quinones Mena, Jeannette"]
[Result "1/2-1/2"]
[WhiteElo "2105"]
[BlackElo "2020"]
[EventDate "2009.06.10"]
[PlyCount "72"]

1.d4 Nf6 2.c4 g6 3.Nc3 Bg7 4.e4 d6 5.f3 O-O 6.Be3 Nc6 7.Nge2 a6 8.Qd2 Rb8 
9.Nc1 e5 10.Nb3 exd4 11.Nxd4 Nxd4 12.Bxd4 c6 13.Be2 b5 14.O-O Be6 15.cxb5 
axb5 16.Rfc1 Qd7 17.Bf1 b4 18.Ne2 c5 19.Be3 Ra8 20.Rd1 Rfd8 21.a3 bxa3 22.
Rxa3 Rxa3 23.bxa3 Qa7 24.a4 d5 25.exd5 Rxd5 26.Qc1 Rxd1 27.Qxd1 Nd5 28.Bf2
Qa5 29.Qc2 Bf8 30.Ng3 Nb4 31.Qd1 c4 32.Ne4 Bg7 33.Qd6 Bf8 34.Nf6+ Kg7 35.
Qd4 Nc6 36.Ne8+ Kg8 1/2-1/2

[Event "zonal 2.5 (w)"]
[Site "Asuncion PAR"]
[Date "2009.06.14"]
[Round "6"]
[White "Zuriel, Marisa"]
[Black "Vargas Talavera, Gabriela"]
[Result "1-0"]
[WhiteElo "2201"]
[BlackElo "2090"]
[EventDate "2009.06.10"]
[PlyCount "81"]

1.e4 e6 2.d4 d5 3.Nc3 Bb4 4.e5 c5 5.a3 Bxc3+ 6.bxc3 Qc7 7.Nf3 b6 8.a4 Ba6 
9.Bb5+ Bxb5 10.axb5 a5 11.bxa6 Rxa6 12.Rxa6 Nxa6 13.Qe2 Nb8 14.O-O Ne7 15.
Ba3 O-O 16.Rb1 Qa7 17.Ra1 Nd7 18.Bb2 Qc7 19.h4 Rc8 20.Ba3 Nc6 21.dxc5 bxc5
22.Re1 Ra8 23.Bc1 Ra4 24.Qb5 Ra1 25.Qb2 Qa7 26.g3 h6 27.Kg2 Ra2 28.Qb1 Qa4
29.Re2 Na5 30.Bf4 Nc4 31.Qb7 Rb2 32.Qc8+ Kh7 33.Qe8 Na3 34.Qxf7 Rxc2 35.
Re1 Qc6 36.h5 Nb6 37.Bxh6 Qd7 38.Qg6+ Kh8 39.Be3 Rxc3 40.Ng5 Kg8 41.h6 1-0

[Event "zonal 2.5 (w)"]
[Site "Asuncion PAR"]
[Date "2009.06.15"]
[Round "7"]
[White "Lujan, Carolina"]
[Black "Fernandez, Maria Florencia"]
[Result "0-1"]
[WhiteElo "2324"]
[BlackElo "2105"]
[EventDate "2009.06.10"]
[PlyCount "92"]

1.c4 Nf6 2.Nc3 g6 3.g3 Bg7 4.Bg2 O-O 5.d3 e5 6.e3 d6 7.Nge2 c6 8.O-O Na6 
9.Rb1 d5 10.b4 Re8 11.a4 Be6 12.b5 cxb5 13.cxd5 Nxd5 14.Rxb5 Nxc3 15.Nxc3 
Rc8 16.Nd5 Rc5 17.e4 Qd7 18.Rb1 b6 19.Bb2 Ra5 20.f4 Bxd5 21.exd5 Nc7 22.d6
Qxd6 23.Bc3 Rc5 24.Bb4 Ne6 25.Bxc5 Nxc5 26.fxe5 Qd4+ 27.Kh1 Rxe5 28.Qf3 f5
29.Qa8+ Bf8 30.Qxa7 Nxd3 31.Qxb6 Bc5 32.Qb8+ Kg7 33.h3 Re2 34.Rb7+ Kh6 35.
Qg8 Be7 36.Qd5 Nf2+ 37.Kh2 Qxd5 38.Bxd5 Ng4+ 39.Kh1 Rh2+ 40.Kg1 Bc5+ 41.
Rf2 Bxf2+ 42.Kf1 Ne3+ 43.Ke2 Nxd5 44.a5 Bb6+ 45.Kd3 Bxa5 46.Rb5 Rxh3 0-1

[Event "zonal 2.5 (w)"]
[Site "Asuncion PAR"]
[Date "2009.06.15"]
[Round "7"]
[White "Plazaola, Maria de los Angeles"]
[Black "Colombo Sere, Camila"]
[Result "1-0"]
[WhiteElo "2160"]
[BlackElo "2090"]
[EventDate "2009.06.10"]
[PlyCount "91"]

1.e4 e6 2.d4 d5 3.Nc3 Bb4 4.a3 Bxc3+ 5.bxc3 dxe4 6.Qg4 Nf6 7.Qxg7 Rg8 8.
Qh6 Nbd7 9.Bb2 Nb6 10.O-O-O Rg6 11.Qd2 Na4 12.Ne2 Bd7 13.Nf4 Rg8 14.d5 e5 
15.Nh3 c6 16.c4 Nxb2 17.Kxb2 Qb6+ 18.Qb4 Qxb4+ 19.axb4 cxd5 20.cxd5 Bg4 
21.Bb5+ Kf8 22.Rd2 e3 23.fxe3 Ne4 24.Rd3 Bxh3 25.gxh3 Nf2 26.Rf1 Nxd3+ 27.
Bxd3 h6 28.Be4 Rd8 29.c4 Ke7 30.c5 a5 31.d6+ Ke6 32.bxa5 Ra8 33.Kb3 Rxa5 
34.Kb4 Ra2 35.Bd3 b5 36.Bf5+ Kd5 37.Rd1+ Kc6 38.Be4+ Kd7 39.c6+ Kc8 40.Bd5
Ra7 41.Kxb5 Rg6 42.Kb6 Kb8 43.Be4 f5 44.Bxf5 Rf6 45.d7 Rb7+ 46.Kc5 1-0

[Event "zonal 2.5 (w)"]
[Site "Asuncion PAR"]
[Date "2009.06.15"]
[Round "7"]
[White "Quinones Mena, Jeannette"]
[Black "Zuriel, Marisa"]
[Result "1/2-1/2"]
[WhiteElo "2020"]
[BlackElo "2201"]
[EventDate "2009.06.10"]
[PlyCount "109"]

1.d4 g6 2.c4 Bg7 3.Nf3 d6 4.Nc3 Nd7 5.e4 e5 6.Be3 Ne7 7.dxe5 dxe5 8.Qd2 
O-O 9.Bh6 f6 10.O-O-O c6 11.Bxg7 Kxg7 12.h4 Ng8 13.h5 g5 14.g3 Qe7 15.Bh3 
Nc5 16.Bxc8 Raxc8 17.Qe2 Rcd8 18.Nh2 Nh6 19.Rhg1 Ne6 20.Qe3 Rd4 21.b3 Rfd8
22.Nf3 Qc5 23.Qe2 Rxd1+ 24.Rxd1 Nd4 25.Nxd4 exd4 26.Rd2 Nf7 27.Nd1 b5 28.
Nb2 a5 29.Kb1 b4 30.f4 Qd6 31.Qf2 c5 32.Nd3 Re8 33.Re2 Re6 34.Qe1 h6 35.
Qf1 a4 36.Qh3 Re7 37.Qf5 Rc7 38.e5 fxe5 39.fxe5 Qe7 40.Qg6+ Kh8 41.e6 Nd6 
42.Qxh6+ Kg8 43.Qg6+ Kh8 44.h6 axb3 45.axb3 Qf8 46.Rf2 Qa8 47.Ne5 Ne4 48.
Nf7+ Rxf7 49.Qxf7 Nc3+ 50.Kc2 Qa2+ 51.Kd3 Qb1+ 52.Rc2 Qd1+ 53.Rd2 Qb1+ 54.
Rc2 Qd1+ 55.Rd2 1/2-1/2

[Event "zonal 2.5 (w)"]
[Site "Asuncion PAR"]
[Date "2009.06.15"]
[Round "7"]
[White "Vargas Talavera, Gabriela"]
[Black "Perez Canete, Dalila"]
[Result "1-0"]
[WhiteElo "2090"]
[BlackElo "1620"]
[EventDate "2009.06.10"]
[PlyCount "77"]

1.d4 d6 2.c4 Nf6 3.Nc3 g6 4.e4 Bg7 5.Be2 O-O 6.Bg5 Nbd7 7.Qd2 e5 8.d5 Nc5 
9.f3 a5 10.g4 Qe8 11.h4 Na4 12.Nxa4 Qxa4 13.h5 Qb4 14.Qxb4 axb4 15.h6 Bh8 
16.Bd1 Bd7 17.Bd2 b5 18.cxb5 Bxb5 19.Bxb4 Rfb8 20.a3 Nd7 21.Rc1 Rb7 22.g5 
Nb6 23.b3 Bd7 24.Rh2 f6 25.Rhc2 Raa7 26.Bd2 Kf7 27.a4 fxg5 28.Be3 Bf6 29.
a5 Na8 30.Bxa7 Rxa7 31.b4 Bb5 32.Be2 Bxe2 33.Nxe2 Bd8 34.Rc6 Rb7 35.Ra6 
Rb8 36.Rcc6 Kf6 37.Ra7 g4 38.fxg4 Kg5 39.Rca6 1-0

[Event "zonal 2.5 (w)"]
[Site "Asuncion PAR"]
[Date "2009.06.15"]
[Round "8"]
[White "Perez Canete, Dalila"]
[Black "Quinones Mena, Jeannette"]
[Result "1-0"]
[WhiteElo "1620"]
[BlackElo "2020"]
[EventDate "2009.06.10"]
[PlyCount "63"]

1.d4 Nf6 2.c4 g6 3.Nc3 Bg7 4.e4 d6 5.f4 O-O 6.e5 Nfd7 7.Nf3 c5 8.dxc5 dxe5
9.fxe5 Qa5 10.Bf4 Nc6 11.Qe2 e6 12.a3 Qxc5 13.b4 Qb6 14.c5 Qc7 15.Nb5 Qb8 
16.Nd6 a6 17.h4 h5 18.Qe4 Qc7 19.Rc1 Na7 20.Qe3 b6 21.Bh6 bxc5 22.Bxg7 
Kxg7 23.Bd3 Nc6 24.Be4 Rb8 25.Bxc6 Qxc6 26.bxc5 a5 27.O-O Ba6 28.Rf2 a4 
29.Ng5 Rb3 30.Qf4 Qd5 31.Ngxf7 Rd3 32.Qh6+ 1-0

[Event "zonal 2.5 (w)"]
[Site "Asuncion PAR"]
[Date "2009.06.15"]
[Round "8"]
[White "Zuriel, Marisa"]
[Black "Lujan, Carolina"]
[Result "1-0"]
[WhiteElo "2201"]
[BlackElo "2324"]
[EventDate "2009.06.10"]
[PlyCount "127"]

1.e4 c5 2.Nf3 d6 3.d4 cxd4 4.Nxd4 Nf6 5.Nc3 g6 6.Be2 Bg7 7.O-O O-O 8.Re1 
Bd7 9.Bf1 Nc6 10.Nb3 a5 11.a4 Nb4 12.h3 Rc8 13.Nd4 e5 14.Ndb5 Be6 15.Bg5 
h6 16.Bh4 Rc6 17.Rc1 g5 18.Bg3 Qb8 19.Re2 Bc4 20.Re1 Be6 21.Re2 Nh5 22.Bh2
Nf4 23.Rd2 Rd8 24.Nd5 Bxd5 25.exd5 Rc5 26.Bxf4 gxf4 27.c3 Na6 28.Bd3 Re8 
29.Qf3 Qd8 30.Qe4 Rc8 31.Qh7+ Kf8 32.Bf5 Ra8 33.Bc2 Qe7 34.Re1 Qd8 35.b3 
Qb6 36.Kh2 Nc5 37.c4 Rac8 38.f3 Qd8 39.Rg1 e4 40.fxe4 Re5 41.Nd4 Qg5 42.
Nf5 Rxf5 43.Qxf5 Qg3+ 44.Kh1 Re8 45.Rf1 Be5 46.Qh5 Qc3 47.Rdf2 Ke7 48.Qxh6
Rg8 49.Qh5 f6 50.Bd1 Rg7 51.Qh8 Qg3 52.Bh5 Rg8 53.Qh7+ Rg7 54.Qh8 Rg8 55.
Qh7+ Kd8 56.Bg4 Rxg4 57.hxg4 Qxb3 58.Rxf4 Qxa4 59.g5 Bxf4 60.Rxf4 Nd3 61.
Rxf6 Qa1+ 62.Kh2 Qe5+ 63.g3 Qe8 64.Rg6 1-0